The technique of film editing. (Record no. 158772)

MARC details
000 -LEADER
fixed length control field 00983nam a2200265 4500
008 - FIXED-LENGTH DATA ELEMENTS--GENERAL INFORMATION
fixed length control field
090 ## - LOCALLY ASSIGNED LC-TYPE CALL NUMBER (OCLC); LOCAL CALL NUMBER (RLIN)
Classification number (OCLC) (R) ; Classification number, CALL (RLIN) (NR) PN1996REI
003 - CONTROL NUMBER IDENTIFIER
control field
005 - DATE AND TIME OF LATEST TRANSACTION
control field 20230123134028.0
040 ## - CATALOGING SOURCE
Transcribing agency NUST
049 ## - LOCAL HOLDINGS (OCLC)
Holding library MAIN
100 1# - MAIN ENTRY--PERSONAL NAME
Personal name Reisz, Karel.
245 14 - TITLE STATEMENT
Title The technique of film editing.
Statement of responsibility, etc. Written and compiled by Karel Reisz and Gavin Miller, with the guidance of the following committee appointed by the British Film Academy: Thorold Dickinson, chairman [and others] Introduced by Thorold Dickinson.
250 ## - EDITION STATEMENT
Edition statement 2nd ed.
260 ## - PUBLICATION, DISTRIBUTION, ETC.
Place of publication, distribution, etc. Oxford :
Name of publisher, distributor, etc. Focal Press,
Date of publication, distribution, etc. c1968.
300 ## - PHYSICAL DESCRIPTION
Extent 411 p. :
Other physical details ill. ;
Dimensions 24 cm.
440 ## - SERIES STATEMENT/ADDED ENTRY--TITLE
Title Communication arts books.
500 ## - GENERAL NOTE
General note The Library of communication techniques.
504 ## - BIBLIOGRAPHY, ETC. NOTE
Bibliography, etc. note Includes bibliographical references.
650 #0 - SUBJECT ADDED ENTRY--TOPICAL TERM
Topical term or geographic name entry element Motion pictures
General subdivision Editing.
700 1# - ADDED ENTRY--PERSONAL NAME
Personal name Miller, Gavin,
Relator term joint author.
710 2# - ADDED ENTRY--CORPORATE NAME
Corporate name or jurisdiction name as entry element British Film Academy.
907 ## - LOCAL DATA ELEMENT G, LDG (RLIN)
a .b10166968
b 15-12-05
c 04-07-05
942 ## - ADDED ENTRY ELEMENTS (KOHA)
Koha item type Ordinary Loan Books
Call number prefix PN1996REI
Holdings
Date last seen Total Checkouts Full call number Barcode Cost, replacement price Price effective from Koha item type Lost status Source of classification or shelving scheme Damaged status Not for loan Collection Withdrawn status Home library Current library Shelving location Date acquired Cost, normal purchase price
01/23/2023 28 PN1996 REI 92003020717 80.00 01/23/2023 BOOKS   LCC     NFIC   MAIN MAIN GEN 01/23/2023 80.00